000 00367cam a22001337a 4500
008 180718b1969 xxu||||| |||| 00| 0 eng d
082 _aI513084 Sh56
100 _aSherman,T.P.
245 _aO and M in local government
_cBy T.P. Sherman
260 _aOxford
_bPergamon
_c1969
300 _aix,264p
650 _aManagement
650 _aLocal government - Great Britain
999 _c409321
_d409321